Taller de investigación educativa 2011/ compilado de ejercicios de investigación laura iriarte
Guardado en:
| Otros Autores: | |
|---|---|
| Formato: | Libro |
| Publicado: |
Bahía Blanca :
Escuela Normal Superior, 2011.
|
| Materias: | |
| Etiquetas: |
Agregar Etiqueta
Sin Etiquetas, Sea el primero en etiquetar este registro!
|
| LEADER | 01296nam a22001935a 4500 | ||
|---|---|---|---|
| 001 | CEM.cems013640 | ||
| 005 | 20120313102538.0 | ||
| 008 | 130507b######################000#0#####d | ||
| 003 | CEMS | ||
| 082 | 0 | 4 | |a F370 |
| 245 | 0 | 0 | |a Taller de investigación educativa 2011/ compilado de ejercicios de investigación laura iriarte |
| 260 | |a Bahía Blanca : |b Escuela Normal Superior, 2011. | ||
| 500 | |a Trabajos de alumnos ciclo 2011./ | ||
| 505 | 0 | |a Taller de investigación educativa / Maricel Balbuena y Nadia A. Malisani -- Proyecto de investigación educativa / Lorena Isabel Calderon -- Investigación educativa : Integración de niños con NEE en el nivel inicial / Pamela Cassano y Laura Miranda -- Investigación educativa / Eloísa Gómez y Stephanie Gómez -- Los que todos miran pero nadie ve : Deserción en el nivel inicial / Mariana Sol Hernández -- Proyecto de investigación : integración en el nivel inicial / Laura Laumann y Johanna Ryll -- Proyecto de investigación educativa : El juego en el Jardín Maternal / Carolina Rundau y Daiana Moreno -- Proyecto de investigación eductaiva / Pilar Tumini. | |
| 653 | |a Investigación educativa | ||
| 653 | |a Educación | ||
| 653 | |a Nivel inicial | ||
| 700 | 1 | |a Iriarte, Laura, comp. | |
| 859 | |a CEMS |b BIB. CEMS - 11 de abril |h F370 |i 108 |p 2762.44 |t Ej.1 | ||
